MARC details
| 000 -CABECERA |
| campo de control de longitud fija |
03434nam a2200361 a 4500 |
| 003 - IDENTIFICADOR DEL NÚMERO DE CONTROL |
| campo de control |
CHAP |
| 005 - FECHA Y HORA DE LA ÚLTIMA TRANSACCIÓN |
| campo de control |
20241112184854.0 |
| 007 - CAMPO FIJO DE DESCRIPCIÓN FÍSICA--INFORMACIÓN GENERAL |
| campo de control de longitud fija |
ta |
| 008 - DATOS DE LONGITUD FIJA--INFORMACIÓN GENERAL |
| campo de control de longitud fija |
241112s2020 mx ado|fr|||| 001 0 spa d |
| 020 ## - NÚMERO INTERNACIONAL ESTÁNDAR DEL LIBRO |
| Número Internacional Estándar del Libro |
978-607-15-1457-8 |
| 040 ## - FUENTE DE LA CATALOGACIÓN |
| Centro catalogador/agencia de origen |
mxchpua |
| Centro/agencia transcriptor |
CHAP |
| Normas de descripción |
rda |
| 041 ## - CÓDIGO DE LENGUA |
| Código de lengua del texto/banda sonora o título independiente |
spa |
| Código de lengua del sumario o resumen |
spa |
| Código de lengua de la tabla de contenido |
spa |
| Código de lengua original |
spa |
| 050 10 - SIGNATURA TOPOGRÁFICA DE LA BIBLIOTECA DEL CONGRESO |
| Número de clasificación |
TS156 |
| Número de documento/Ítem |
.G88 2020 |
| 082 00 - NÚMERO DE LA CLASIFICACIÓN DECIMAL DEWEY |
| Número de edición |
20 |
| Número de clasificación |
658.562 |
| Número de documento/Ítem |
G88 2020 |
| 100 1# - ENTRADA PRINCIPAL--NOMBRE DE PERSONA |
| Nombre de persona |
Gutiérrez Pulido, Humberto |
| 9 (RLIN) |
51804 |
| 245 10 - MENCIÓN DE TÍTULO |
| Título |
Calidad y productividad / |
| Mención de responsabilidad, etc. |
Humberto Gutiérrez Pulido |
| 250 ## - MENCIÓN DE EDICIÓN |
| Mención de edición |
5a edición |
| 264 ## - PRODUCCIÓN, PUBLICACIÓN, DISTRIBUCIÓN, FABRICACIÓN Y COPYRIGHT |
| Producción, publicación, distribución, fabricación y copyright |
México : |
| Nombre del de productor, editor, distribuidor, fabricante |
McGraw-Hill, |
| Fecha de producción, publicación, distribución, fabricación o copyright |
2020 |
| 300 ## - DESCRIPCIÓN FÍSICA |
| Extensión |
xvii, 379 páginas : |
| Otras características físicas |
ilustraciones, gráficas, diagramas, tablas, fotos |
| 336 ## - TIPO DE CONTENIDO |
| Fuente |
rdacontent |
| Término de tipo de contenido |
texto |
| Código de tipo de contenido |
txt |
| 337 ## - TIPO DE MEDIO |
| Fuente |
rdamedia |
| Nombre/término del tipo de medio |
sin medio |
| Código del tipo de medio |
n |
| 338 ## - TIPO DE SOPORTE |
| Fuente |
rdacarrier |
| Nombre/término del tipo de soporte |
volumen |
| Código del tipo de soporte |
nc |
| 504 ## - NOTA DE BIBLIOGRAFÍA, ETC. |
| Nota de bibliografía, etc. |
Bibliografía: páginas 369-371 |
| 505 0# - NOTA DE CONTENIDO CON FORMATO |
| Nota de contenido con formato |
1.- Calidad, productividad y competitividad. --<br/>2.- Cultura de la calidad y los grandes maestros. --<br/>3.- Principios de la gestión de la calidad: clientes, liderazgo, procesos, sistemas. --<br/>4.- Norma ISO-9001:2015 y sus antecedentes. --<br/>5.- Proceso “esbelto” (lean), reingeniería y metodología de las 5S. --<br/>6.- Trabajo en equipo y metodología para la solución de problemas (el ciclo PHVA). --<br/>7.- Modelo para la competitividad, planeación, ejecución e indicadores de desempeño. --<br/>8.- Estadística descriptiva: la calidad y la variabilidad. --<br/>9.- Índices de capacidad de procesos y métricas de Seis Sigma. --<br/>10.- Diagrama de Pareto, estratificación y hoja de verificación. --<br/>11.- Diagrama de causa-efecto, diagramas de procesos de afinidad. --<br/>12.- Diagrama de dispersión. --<br/>13.- Cartas o diagramas de control --<br/>14.- Implementación de una carta de control y estado de un proceso (capacidad y estabilidad). --<br/>15.- Introducción a Seis Sigma. --<br/>16.- Introducción al muestreo aleatorio. --<br/>17.- Muestreo de aceptación |
| 520 2# - SUMARIO, ETC. |
| Sumario, etc. |
Con el propósito de darle justificación y fundamento a un proceso de mejora con enfoque en el cliente en este libro se analiza por qué la calidad es importante, se muestra la relación que la calidad tiene con la productividad y la competitividad, se revisan los aportes clave de varios de los expertos históricos de la calidad. Además, se exponen los aspectos más relevantes de metodologías como Seis Sigma, manufactura esbelta (lean) y los conceptos y principios de los sistemas de gestión de la calidad propuestos por las normas ISO-9000. Se analizan con detalle las herramientas estadísticas básicas para decidir con base en datos y el muestreo de aceptación. Un aspecto distintivo es que la obra trata con amplitud el proceso de planeación y el papel de los indicadores de desempeño para desplegar una estrategia. Así mismo se incluye un proyecto de mejora completo en donde se aplica la metodología Seis Sigma. Algunas características de esta edición: Ejercicios revisados Sección de preguntas de repaso y ejercicios Actividades grupales y de investigación Definición de conceptos clave Respuestas para el ejercicio 4 de actividades grupales (capítulo11) Ejemplo de proyecto Seis Sigma. |
| 650 13 - PUNTO DE ACCESO ADICIONAL DE MATERIA--TÉRMINO DE MATERIA |
| Término de materia o nombre geográfico como elemento de entrada |
Control de calidad |
| Fuente del encabezamiento o término |
atg |
| 9 (RLIN) |
147085 |
| 650 13 - PUNTO DE ACCESO ADICIONAL DE MATERIA--TÉRMINO DE MATERIA |
| Término de materia o nombre geográfico como elemento de entrada |
Productividad económica |
| Fuente del encabezamiento o término |
atg |
| 9 (RLIN) |
189744 |
| 650 13 - PUNTO DE ACCESO ADICIONAL DE MATERIA--TÉRMINO DE MATERIA |
| Término de materia o nombre geográfico como elemento de entrada |
Productividad en el trabajo |
| Fuente del encabezamiento o término |
atg |
| 9 (RLIN) |
189747 |
| 650 13 - PUNTO DE ACCESO ADICIONAL DE MATERIA--TÉRMINO DE MATERIA |
| Término de materia o nombre geográfico como elemento de entrada |
Quality control |
| Fuente del encabezamiento o término |
atg |
| 9 (RLIN) |
147087 |
| 650 13 - PUNTO DE ACCESO ADICIONAL DE MATERIA--TÉRMINO DE MATERIA |
| Término de materia o nombre geográfico como elemento de entrada |
Economic productivity |
| Fuente del encabezamiento o término |
atg |
| 9 (RLIN) |
189745 |
| 650 13 - PUNTO DE ACCESO ADICIONAL DE MATERIA--TÉRMINO DE MATERIA |
| Término de materia o nombre geográfico como elemento de entrada |
Labor productivity |
| Fuente del encabezamiento o término |
atg |
| 9 (RLIN) |
158677 |
| 942 ## - ELEMENTOS DE PUNTO DE ACCESO ADICIONAL (KOHA) |
| Fuente del sistema de clasificación o colocación |
Dewey Decimal Classification |
| Tipo de ítem Koha |
Libro |